[Event "HUN-chT2 Barcza 1415"]
[Site "Hungary"]
[Date "2015.02.08"]
[Round "?"]
[White "Ats, Laszlo Gyorgy"]
[Black "Bogi, Kornel Andras"]
[Result "1-0"]
[WhiteElo "2034"]
[BlackElo "1885"]
[PlyCount "41"]
[EventDate "2014.09.07"]
[EventType "team-tourn"]
[EventRounds "11"]
[EventCountry "HUN"]
[SourceTitle "EXT 2016"]
[Source "ChessBase"]
[SourceDate "2015.10.08"]
[SourceVersion "1"]
[SourceVersionDate "2015.10.08"]
[SourceQuality "1"]
[WhiteTeam "Debrecen Sakkbaratok"]
[BlackTeam "Piremon"]
[WhiteTeamCountry "HUN"]
[BlackTeamCountry "HUN"]

1. d4 f5 2. h4 Nf6 3. Bg5 e6 4. e3 h6 5. Bf4 Bb4+ 6. c3 Be7 7. Nf3 d6 8. Bc4 Nc6 9. b4 d5 10. Bb5 Bd6 11. Ne5 0-0 12. Nxc6 bxc6 13. Bxc6 Rb8 14. Nd2 Qe7 15. Be5 Ng4 16. Nf3 Bd7 17. Qa4 Bxc6 18. Qxc6 Rb6 19. Qa4 a6 20. a3 f4 21. exf4 1-0

[Event "HUN-chT2 Barcza 1314"]
[Site "Hungary"]
[Date "2014.04.27"]
[Round "11"]
[White "Bogi, Kornel Andras"]
[Black "Diczko, Zsombor"]
[Result "1/2-1/2"]
[WhiteElo "1900"]
[BlackElo "1797"]
[PlyCount "79"]
[EventDate "2013.09.08"]
[EventType "team-tourn"]
[EventRounds "11"]
[EventCountry "HUN"]
[SourceTitle "EXT 2016"]
[Source "ChessBase"]
[SourceDate "2015.10.08"]
[SourceVersion "1"]
[SourceVersionDate "2015.10.08"]
[SourceQuality "1"]
[WhiteTeam "Nyiregyhaza"]
[BlackTeam "Nyiregyhaza SISE"]
[WhiteTeamCountry "HUN"]
[BlackTeamCountry "HUN"]

1. e4 e5 2. f4 Nc6 3. Nf3 exf4 4. d4 d5 5. Bxf4 dxe4 6. Ne5 Qxd4 7. Nxc6 Qxd1+ 8. Kxd1 bxc6 9. Nc3 Bg4+ 10. Kc1 Nf6 11. Bxc7 Bc5 12. Be5 Rd8 13. Bc4 0-0 14. Bxf6 gxf6 15. Nxe4 Be3+ 16. Kb1 Kg7 17. Bd3 Rfe8 18. Rf1 f5 19. Nc3 f4 20. a4 Re5 21. Ne2 Bxe2 22. Bxe2 Rd2 23. Bf3 Rc5 24. c3 Rd6 25. Ka2 Ra5 26. Kb3 c5 27. Rfd1 Raa6 28. Rxd6 Rxd6 29. Kc4 Kf6 30. a5 Rd2 31. Rb1 Ke5 32. Kb5 Rd6 33. Rd1 Rh6 34. h3 Rd6 35. Rxd6 Kxd6 36. Ka6 c4 37. Kb5 Bc1 38. Kxc4 Bxb2 39. Kb3 Bc1 40. Ka4 1/2-1/2

[Event "HUN-chT2 Barcza 1314"]
[Site "Hungary"]
[Date "2014.03.23"]
[Round "9"]
[White "Kemendi, Daniel"]
[Black "Bogi, Kornel Andras"]
[Result "1-0"]
[WhiteElo "1816"]
[BlackElo "1900"]
[PlyCount "75"]
[EventDate "2013.09.08"]
[EventType "team-tourn"]
[EventRounds "11"]
[EventCountry "HUN"]
[SourceTitle "EXT 2016"]
[Source "ChessBase"]
[SourceDate "2015.10.08"]
[SourceVersion "1"]
[SourceVersionDate "2015.10.08"]
[SourceQuality "1"]
[WhiteTeam "Miskolc EMSE"]
[BlackTeam "Nyiregyhaza"]
[WhiteTeamCountry "HUN"]
[BlackTeamCountry "HUN"]

1. c4 f5 2. g3 Nf6 3. Bg2 e6 4. Nc3 Be7 5. e3 0-0 6. Nge2 a5 7. 0-0 d6 8. b3 Nc6 9. d4 e5 10. dxe5 Nxe5 11. Nd5 Nxd5 12. Qxd5+ Kh8 13. Bb2 c6 14. Qd2 Qc7 15. Nf4 Re8 16. Rad1 Bf8 17. Ba3 Nf7 18. Qc2 Bd7 19. Bh3 Nh6 20. Qd3 Nf7 21. Bxf5 Bxf5 22. Qxf5 Nh6 23. Qd3 Rad8 24. Qc3 b6 25. Bb2 Qf7 26. Qd4 Rb8 27. Ng2 Nf5 28. Qf4 Qg6 29. Nh4 Nxh4 30. Qxh4 Qc2 31. Qd4 Qg6 32. Qd3 Qe6 33. Qc2 Rbd8 34. Rd4 Kg8 35. Rh4 h6 36. Rf4 g5 37. Rf6 Qe7 38. Rg6+ 1-0

[Event "HUN-chT2 Barcza 1314"]
[Site "Hungary"]
[Date "2013.10.20"]
[Round "3"]
[White "Bogi, Kornel Andras"]
[Black "Molnar, Janos2"]
[Result "1-0"]
[WhiteElo "1900"]
[BlackElo "1934"]
[PlyCount "48"]
[EventDate "2013.09.08"]
[EventType "team-tourn"]
[EventRounds "11"]
[EventCountry "HUN"]
[SourceTitle "EXT 2016"]
[Source "ChessBase"]
[SourceDate "2015.10.08"]
[SourceVersion "1"]
[SourceVersionDate "2015.10.08"]
[SourceQuality "1"]
[WhiteTeam "Nyiregyhaza"]
[BlackTeam "Tiszavasvar"]
[WhiteTeamCountry "HUN"]
[BlackTeamCountry "HUN"]

1. e4 g6 2. d4 Bg7 3. Nc3 d6 4. Be3 Nf6 5. f3 Nbd7 6. Qd2 c6 7. g4 Qa5 8. Nge2 a6 9. 0-0-0 b5 10. b3 0-0 11. g5 Nh5 12. Ng3 c5 13. Nxh5 gxh5 14. Kb1 Bb7 15. Nd5 Qd8 16. dxc5 Nxc5 17. Nf4 Rc8 18. Bg2 Be5 19. Nxh5 Ne6 20. f4 Bc3 21. Qf2 Qa5 22. f5 Nc5 23. Ng3 Na4 24. Ne2 Be5 1-0

[Event "HUN-chT2 Barcza 1213"]
[Site "Hungary"]
[Date "2013.04.21"]
[Round "11.8"]
[White "Bogi, Kornel Andras"]
[Black "Toviskes, Antal"]
[Result "1-0"]
[WhiteElo "1888"]
[BlackElo "2048"]
[PlyCount "69"]
[EventDate "2012.09.16"]
[EventType "team-tourn"]
[EventRounds "11"]
[EventCountry "HUN"]
[SourceTitle "EXT 2014"]
[Source "ChessBase"]
[SourceDate "2013.11.20"]
[SourceVersion "1"]
[SourceVersionDate "2013.11.20"]
[SourceQuality "1"]
[WhiteTeam "Piremon"]
[BlackTeam "Hajduboszormeny"]
[WhiteTeamCountry "HUN"]
[BlackTeamCountry "HUN"]

1. e4 d6 2. d4 g6 3. Nc3 Bg7 4. Be3 a6 5. f3 b5 6. Qd2 Bb7 7. g4 Nd7 8. h4 h5 9. g5 e6 10. Nh3 Ne7 11. Bd3 Rc8 12. Ne2 0-0 13. Ng3 c5 14. c3 cxd4 15. cxd4 Nc6 16. Ne2 Na5 17. b3 Nc5 18. Bc2 Nd7 19. Bd3 Nc6 20. 0-0 Qe7 21. Rae1 b4 22. Bb1 a5 23. f4 Rfe8 24. Ng3 Na7 25. f5 Qd8 26. f6 Bf8 27. Qe2 Rc3 28. Nxh5 Qb6 29. N5f4 Ba6 30. Nd3 d5 31. h5 Rec8 32. hxg6 Rxd3 33. gxf7+ Kxf7 34. Qh5+ Kg8 35. f7+ 1-0

[Event "HUN-chT2 Barcza 0910"]
[Site "Hungary"]
[Date "2010.02.14"]
[Round "6.10"]
[White "Ats, Laszlo Gyorgy"]
[Black "Bogi, Kornel Andras"]
[Result "1-0"]
[WhiteElo "2095"]
[BlackElo "2005"]
[PlyCount "75"]
[EventDate "2009.11.08"]
[EventType "team-tourn"]
[EventRounds "11"]
[EventCountry "HUN"]
[SourceTitle "EXT 2011"]
[Source "ChessBase"]
[SourceDate "2010.11.26"]
[SourceVersion "1"]
[SourceVersionDate "2010.11.26"]
[SourceQuality "1"]
[WhiteTeam "Debrecen Sakkbaratok"]
[BlackTeam "Piremon"]
[WhiteTeamCountry "HUN"]
[BlackTeamCountry "HUN"]

1. d4 f5 2. h4 Nf6 3. Bg5 e6 4. e3 d6 5. Nf3 Be7 6. Bd3 Nc6 7. c3 Bd7 8. Qc2 d5 9. Nbd2 Ne4 10. Bf4 Bf6 11. g3 a5 12. a3 Ne7 13. Ne5 Ng6 14. Ndf3 c6 15. h5 Nxe5 16. Nxe5 Qe7 17. Qb3 b5 18. f3 Bxe5 19. Bxe5 Ng5 20. Ke2 a4 21. Qc2 h6 22. g4 Nf7 23. gxf5 Nxe5 24. dxe5 exf5 25. Bxf5 Qxe5 26. Bg6+ Kd8 27. Rag1 Kc7 28. f4 Qe7 29. Rg3 Rhf8 30. Kd1 Qf6 31. Rhg1 b4 32. cxb4 d4 33. exd4 Qxd4+ 34. Kc1 Qxf4+ 35. Kb1 Be6 36. Be4 Qf1+ 37. Qc1 Qxc1+ 38. Rxc1 1-0

[Event "HUN-chT2 Barcza 0910"]
[Site "Hungary"]
[Date "2010.01.31"]
[Round "5.12"]
[White "Barnoth, Robert"]
[Black "Bogi, Kornel Andras"]
[Result "0-1"]
[WhiteElo "1669"]
[BlackElo "2005"]
[PlyCount "42"]
[EventDate "2009.11.08"]
[EventType "team-tourn"]
[EventRounds "11"]
[EventCountry "HUN"]
[SourceTitle "EXT 2011"]
[Source "ChessBase"]
[SourceDate "2010.11.26"]
[SourceVersion "1"]
[SourceVersionDate "2010.11.26"]
[SourceQuality "1"]
[WhiteTeam "Tiszavasvar"]
[BlackTeam "Piremon"]
[WhiteTeamCountry "HUN"]
[BlackTeamCountry "HUN"]

1. e4 e5 2. Nf3 Nc6 3. Bb5 f5 4. exf5 e4 5. Bxc6 dxc6 6. Ne5 Nf6 7. Ng4 Bxf5 8. Ne3 Bg6 9. 0-0 Qd7 10. Nc3 0-0-0 11. a4 Bh5 12. a5 a6 13. Nc4 Bd6 14. b3 Qe7 15. Bb2 Bxh2+ 16. Kxh2 Ng4+ 17. Kg1 Qh4 18. Re1 Qxf2+ 19. Kh1 Qh4+ 20. Kg1 Qf2+ 21. Kh1 Rhf8 0-1

[Event "HUN-chT2 Barcza 0708"]
[Site "Hungary"]
[Date "2008.05.18"]
[Round "11"]
[White "Bogi, Kornel Andras"]
[Black "Galko, Attila"]
[Result "1-0"]
[WhiteElo "1986"]
[BlackElo "1862"]
[PlyCount "75"]
[EventDate "2007.10.14"]
[EventType "team-tourn"]
[EventRounds "11"]
[EventCountry "HUN"]
[SourceTitle "EXT 2009"]
[Source "ChessBase"]
[SourceDate "2008.11.26"]
[SourceVersion "1"]
[SourceVersionDate "2008.11.26"]
[SourceQuality "1"]
[WhiteTeam "Piremon"]
[BlackTeam "Edeleny"]
[WhiteTeamCountry "HUN"]
[BlackTeamCountry "HUN"]

1. e4 d5 2. exd5 Qxd5 3. Nc3 Qa5 4. d4 c6 5. Nf3 Nf6 6. Be2 Bf5 7. 0-0 e6 8. h3 Bd6 9. Bg5 Nbd7 10. a3 h6 11. Be3 g5 12. Nh2 Qc7 13. Ng4 Ke7 14. b4 a6 15. Na4 Rag8 16. c4 h5 17. Nxf6 Nxf6 18. b5 Ng4 19. Bd2 Bh2+ 20. Kh1 Bg1 21. f4 Nf2+ 22. Rxf2 Bxf2 23. fxg5 Qg3 24. Qf1 Bxd4 25. Bf4 Qf2 26. Qxf2 Bxf2 27. Be5 Bc2 28. Nc3 Be3 29. Ra2 Bf5 30. bxc6 bxc6 31. Rb2 Bxg5 32. Rb7+ Kf8 33. Rb8+ Ke7 34. Rb7+ Kf8 35. Bf3 c5 36. Na4 Be3 37. Bf6 Bf4 38. Rd7 1-0

[Event "HUN-chT2 Barcza 0506"]
[Site "Hungary"]
[Date "2005.12.04"]
[Round "5"]
[White "Kovacs, Laszlo2"]
[Black "Bogi, Kornel Andras"]
[Result "1-0"]
[WhiteElo "2041"]
[BlackElo "1890"]
[PlyCount "105"]
[EventDate "2005.10.16"]
[EventType "team-tourn"]
[EventRounds "11"]
[EventCountry "HUN"]
[SourceTitle "EXT 2009"]
[Source "ChessBase"]
[SourceDate "2008.11.26"]
[SourceVersion "1"]
[SourceVersionDate "2008.11.26"]
[SourceQuality "1"]
[WhiteTeam "Debrecen Betu"]
[BlackTeam "Piremon II"]
[WhiteTeamCountry "HUN"]
[BlackTeamCountry "HUN"]

1. d4 f5 2. Nf3 Nf6 3. Bg5 e6 4. c3 Be7 5. e3 0-0 6. Bd3 b6 7. Nbd2 Bb7 8. Qc2 d5 9. 0-0 Nbd7 10. Rac1 Ne4 11. Bxe7 Qxe7 12. c4 c6 13. cxd5 exd5 14. Rfe1 Kh8 15. Nf1 h5 16. N3d2 Qh4 17. Ng3 g6 18. Nf3 Qe7 19. Qa4 h4 20. Ne2 a5 21. Nf4 Rg8 22. Nxd5 Qd6 23. Nc3 Qe7 24. Qc2 Rae8 25. Bc4 Rg7 26. Rcd1 b5 27. Be2 Nb6 28. Nxe4 Qxe4 29. Qxe4 fxe4 30. Nxh4 Rf8 31. g3 g5 32. Ng2 Nd5 33. Rc1 Rgf7 34. Rf1 Nb4 35. a3 Nd5 36. h4 gxh4 37. Nxh4 Rg7 38. Kg2 Nb6 39. Rc5 Na4 40. Rc2 Rf6 41. Rh1 Kg8 42. b3 Nb6 43. Rc5 Nd5 44. Kg1 Kf8 45. Ng2 Kg8 46. a4 bxa4 47. bxa4 Kf8 48. Rxa5 Nc3 49. Rh8+ Ke7 50. Bh5 Kd6 51. Nf4 Kc7 52. Re5 Ba6 53. Ne6+ 1-0

[Event "HUN-chT2 Barcza 0405"]
[Site "Hungary"]
[Date "2005.04.24"]
[Round "11"]
[White "Bogi, Kornel Andras"]
[Black "Ujfaludi, Imre"]
[Result "1/2-1/2"]
[WhiteElo "1909"]
[BlackElo "1857"]
[PlyCount "76"]
[EventDate "2004.09.26"]
[EventType "team-tourn"]
[EventRounds "11"]
[EventCountry "HUN"]
[SourceTitle "EXT 2009"]
[Source "ChessBase"]
[SourceDate "2008.11.26"]
[SourceVersion "1"]
[SourceVersionDate "2008.11.26"]
[SourceQuality "1"]
[WhiteTeam "Piremon II"]
[BlackTeam "Puspokladany"]
[WhiteTeamCountry "HUN"]
[BlackTeamCountry "HUN"]

1. e4 e5 2. f4 Bc5 3. Nf3 d6 4. Nc3 Bg4 5. Bc4 Qf6 6. d3 Nc6 7. Nd5 Qd8 8. c3 Nge7 9. Ne3 Qd7 10. f5 Bxf3 11. Qxf3 Na5 12. b4 Bxe3 13. bxa5 Bxc1 14. Rxc1 Nc6 15. Bb5 0-0 16. 0-0 Kh8 17. Qh5 f6 18. Rf3 Qf7 19. Qh4 Nxa5 20. Rh3 h6 21. c4 Nc6 22. Bxc6 bxc6 23. Rb1 Rab8 24. Qe1 c5 25. Rf3 Rb6 26. Rxb6 cxb6 27. a4 a5 28. Qb1 Rb8 29. Rf1 Qd7 30. Qb3 Rb7 31. h3 Qe8 32. g4 Kh7 33. Rf2 Qd8 34. Qd1 Qe8 35. Rg2 Qe7 36. g5 fxg5 37. h4 gxh4 38. Qh5 Qf7 1/2-1/2

[Event "HUN-chT2 Barcza 0304"]
[Site "Hungary"]
[Date "2003.12.07"]
[Round "5"]
[White "Bogi, Kornel Andras"]
[Black "Kiss, Laszlo"]
[Result "1-0"]
[WhiteElo "1873"]
[BlackElo "1851"]
[PlyCount "53"]
[EventDate "2003.08.29"]
[EventType "team-tourn"]
[EventRounds "11"]
[EventCountry "HUN"]
[SourceTitle "EXT 2009"]
[Source "ChessBase"]
[SourceDate "2008.11.26"]
[SourceVersion "1"]
[SourceVersionDate "2008.11.26"]
[SourceQuality "1"]
[WhiteTeam "Piremon II"]
[BlackTeam "Hajduboszormeny II"]
[WhiteTeamCountry "HUN"]
[BlackTeamCountry "HUN"]

1. e4 d5 2. exd5 Qxd5 3. Nc3 Qd8 4. d4 g6 5. Nf3 Bg7 6. h3 Nf6 7. Bc4 0-0 8. Be3 Nc6 9. Qd2 Bf5 10. g4 Be4 11. Be2 Bxf3 12. Bxf3 e6 13. h4 Ne7 14. h5 gxh5 15. gxh5 Nf5 16. h6 Nxd4 17. Bxd4 Ne4 18. Nxe4 Bxd4 19. 0-0-0 Be5 20. Qe3 Qe7 21. Rh5 f5 22. Nc5 Bf4 23. Qxf4 Qxc5 24. Rd7 Rf6 25. Qg3+ Rg6 26. Rg5 f4 27. Rxg6+ 1-0

[Event "Piremon Nyirsegi Torna op"]
[Site "Nyiregyhaza"]
[Date "2002.07.04"]
[Round "6"]
[White "Kadar, Janos"]
[Black "Bogi, Kornel Andras"]
[Result "1-0"]
[WhiteElo "2046"]
[BlackElo "2010"]
[PlyCount "79"]
[EventDate "2002.06.29"]
[EventType "swiss"]
[EventRounds "9"]
[EventCountry "HUN"]
[SourceTitle "EXT 2004"]
[Source "ChessBase"]
[SourceDate "2003.11.25"]
[SourceVersion "1"]
[SourceVersionDate "2003.11.25"]
[SourceQuality "1"]

1. d4 f5 2. Nc3 Nf6 3. Nf3 g6 4. e3 Bg7 5. Be2 0-0 6. Bd3 d5 7. Ne2 c6 8. c3 Na6 9. 0-0 Nc7 10. Nf4 Qe8 11. b3 h6 12. Ne5 g5 13. Nfg6 Nd7 14. Nxd7 Bxd7 15. Nxf8 Qxf8 16. f4 Qf6 17. Bd2 Rf8 18. a4 Kh8 19. b4 a6 20. Rc1 gxf4 21. exf4 Rg8 22. Rf3 Ne8 23. Rg3 Nd6 24. Qe2 Ne4 25. Bxe4 dxe4 26. Be3 Qd6 27. Qc4 Be6 28. Qc5 Qd7 29. a5 Rc8 30. Re1 Rd8 31. Rd1 Bf7 32. d5 cxd5 33. Bd4 e5 34. fxe5 Be6 35. Be3 Rc8 36. Qd4 Rc4 37. Qxc4 dxc4 38. Rxd7 Bxd7 39. Bd4 Kh7 40. Rxg7+ 1-0

[Event "Nyiregyhaza op"]
[Site "Nyiregyhaza"]
[Date "2001.07.13"]
[Round "7"]
[White "Bogi, Kornel Andras"]
[Black "Gemesi, Janos"]
[Result "1/2-1/2"]
[WhiteElo "2010"]
[BlackElo "2056"]
[PlyCount "25"]
[EventDate "2001.07.07"]
[EventType "swiss"]
[EventRounds "9"]
[EventCountry "HUN"]
[SourceTitle "EXT 2008"]
[Source "ChessBase"]
[SourceDate "2007.11.25"]
[SourceVersion "1"]
[SourceVersionDate "2007.11.25"]
[SourceQuality "1"]

1. e4 c5 2. Nf3 Nc6 3. Bb5 a6 4. Bxc6 bxc6 5. d4 cxd4 6. Qxd4 d5 7. Nc3 e6 8. exd5 cxd5 9. 0-0 Nf6 10. Re1 Be7 11. Bf4 0-0 12. h3 Bb7 13. Rad1 1/2-1/2

[Event "Nyiregyhaza op"]
[Site "Nyiregyhaza"]
[Date "2001.07.07"]
[Round "1"]
[White "Braun, Marton"]
[Black "Bogi, Kornel Andras"]
[Result "1-0"]
[WhiteElo "2152"]
[BlackElo "2010"]
[PlyCount "45"]
[EventDate "2001.07.07"]
[EventType "swiss"]
[EventRounds "9"]
[EventCountry "HUN"]
[SourceTitle "EXT 2008"]
[Source "ChessBase"]
[SourceDate "2007.11.25"]
[SourceVersion "1"]
[SourceVersionDate "2007.11.25"]
[SourceQuality "1"]

1. d4 f5 2. e4 fxe4 3. Nc3 Nf6 4. Bg5 Nc6 5. f3 d5 6. fxe4 dxe4 7. Bb5 a6 8. Bxc6+ bxc6 9. Nge2 g6 10. 0-0 Bg7 11. Bxf6 exf6 12. Nxe4 0-0 13. Qd3 Kh8 14. Nc5 Qd6 15. Rae1 a5 16. Nf4 Bf5 17. Qc4 Rfe8 18. Nfe6 Rab8 19. c3 Rxb2 20. Ng5 Rf8 21. Nf7+ Rxf7 22. Qxf7 Rb8 23. Re7 1-0

[Event "HUN-ch University"]
[Site "Budapest"]
[Date "2001.04.18"]
[Round "1.4"]
[White "Pergel, Laszlo"]
[Black "Bogi, Kornel Andras"]
[Result "1-0"]
[WhiteElo "2300"]
[BlackElo "2010"]
[PlyCount "67"]
[EventDate "2001.04.??"]
[EventType "swiss"]
[EventRounds "7"]
[EventCountry "HUN"]
[SourceTitle "EXT 2004"]
[Source "ChessBase"]
[SourceDate "2003.11.25"]
[SourceVersion "1"]
[SourceVersionDate "2003.11.25"]
[SourceQuality "1"]

1. e4 e5 2. Nf3 Nc6 3. Nc3 Nf6 4. d4 exd4 5. Nd5 Be7 6. Bc4 0-0 7. 0-0 d6 8. Nxd4 Nxd4 9. Qxd4 Nxd5 10. exd5 Bf6 11. Qd1 Re8 12. Bd3 g6 13. f4 Bd4+ 14. Kh1 Qh4 15. Bxg6 hxg6 16. Qxd4 Bf5 17. b3 Qh8 18. Qxh8+ Kxh8 19. Bb2+ Kg8 20. Rf2 Re4 21. h3 Bd7 22. Bf6 Rae8 23. Rd1 Bb5 24. Rdd2 Bd7 25. Kh2 Bb5 26. c4 Bd7 27. Rc2 c6 28. Rcd2 c5 29. g4 b5 30. cxb5 Bxb5 31. f5 Bd7 32. Bg5 Bc8 33. fxg6 fxg6 34. Rf6 1-0

[Event "Alfoeld Cup op"]
[Site "Hajduszoboszlo"]
[Date "2000.08.24"]
[Round "7"]
[White "Bogi, Kornel Andras"]
[Black "Varadi, Attila"]
[Result "1-0"]
[WhiteElo "2010"]
[BlackElo "2107"]
[PlyCount "103"]
[EventDate "2000.08.??"]
[EventType "swiss"]
[EventRounds "9"]
[EventCountry "HUN"]
[SourceTitle "EXT 2004"]
[Source "ChessBase"]
[SourceDate "2003.11.25"]
[SourceVersion "1"]
[SourceVersionDate "2003.11.25"]
[SourceQuality "1"]

1. e4 c5 2. Nf3 d6 3. d4 cxd4 4. Qxd4 Nc6 5. Bb5 Bd7 6. Bxc6 Bxc6 7. Nc3 Nf6 8. Bg5 Nd7 9. 0-0-0 Nb6 10. e5 Bxf3 11. gxf3 h6 12. Bf4 f6 13. e6 g5 14. Qd3 Qc8 15. Bg3 Qxe6 16. Rhe1 Qd7 17. Bxd6 0-0-0 18. Bc5 Qxd3 19. Rxd3 Rxd3 20. cxd3 e5 21. Bxb6 axb6 22. Nd5 Bc5 23. Nxf6 Rf8 24. Ne4 Rxf3 25. Nxc5 bxc5 26. Rxe5 Rxf2 27. Rxc5+ Kd7 28. Rc2 Rf3 29. Rd2 h5 30. Kc2 g4 31. Rg2 Kc6 32. Kc3 Kc5 33. a4 b6 34. b4+ Kd5 35. a5 bxa5 36. bxa5 Kc5 37. Rb2 h4 38. a6 Rf8 39. Rg2 Rg8 40. a7 g3 41. hxg3 hxg3 42. Rxg3 Ra8 43. Rg7 Kb6 44. Kc4 Rc8+ 45. Kd5 Rd8+ 46. Ke6 Re8+ 47. Re7 Ra8 48. d4 Rc8 49. d5 Ra8 50. d6 Kc6 51. d7 Kc7 52. Re8 1-0

[Event "HUN-ch univ"]
[Site "Hungary"]
[Date "2000.??.??"]
[Round "?"]
[White "Bogi, Kornel Andras"]
[Black "Kasa, Krisztian"]
[Result "1/2-1/2"]
[WhiteElo "2020"]
[BlackElo "2110"]
[PlyCount "20"]
[EventDate "2000.??.??"]
[EventType "swiss"]
[EventRounds "7"]
[EventCountry "HUN"]
[SourceTitle "EXT 2004"]
[Source "ChessBase"]
[SourceDate "2003.11.25"]
[SourceVersion "1"]
[SourceVersionDate "2003.11.25"]
[SourceQuality "1"]

1. e4 d5 2. exd5 Nf6 3. Bb5+ Bd7 4. Bc4 b5 5. Bb3 a5 6. a4 bxa4 7. Bxa4 Nxd5 8. Bxd7+ Qxd7 9. Nf3 Nc6 10. d3 e5 1/2-1/2